HOMOEOPATHIC DRUG PROVINGS (Record no. 18184)

MARC details
000 -LEADER
fixed length control field 00291nam a22001457a 4500
003 - CONTROL NUMBER IDENTIFIER
control field SGT
082 ## - DEWEY DECIMAL CLASSIFICATION NUMBER
Classification number 615.58
Item number H09C
100 ## - MAIN ENTRY--PERSONAL NAME
Personal name CCRH
245 ## - TITLE STATEMENT
Title HOMOEOPATHIC DRUG PROVINGS
260 ## - PUBLICATION, DISTRIBUTION, ETC. (IMPRINT)
Place of publication, distribution, etc DELHI
Name of publisher, distributor, etc CCRH
Year of Publication 2009
300 ## - PAGE DESCRIPTION
No. of Pages 52
650 ## - SUBJECT ADDED ENTRY--TOPICAL TERM
Topical term or geographic name as entry element HOMOEOPATHIC
653 ## - KEYWORDS--INDEX TERM
Keyword term DRUG
942 ## - ADDED ENTRY ELEMENTS (KOHA)
Source of classification or shelving scheme Dewey Decimal Classification
Koha item type Books

No items available.